banner-ar

محاكمة جلجاميش فى عشر لوحات درامية / (Record no. 47551)

MARC details
000 -الفاتح
حقل البيانات ثابتة الطول 00383nam a2200121Ia 4500
008 - عناصر البيانات ثابتة الطول - معلومات عامة
حقل البيانات ثابتة الطول 140319s9999 xx 000 0 ara d
040 ## - مصدر الفهرسة
وكالة الفهرسة الأصلية GCL /
وكالة النسخ GCL
082 04 - رقم تصنيف ديوى العشرى
رقم التصنيف 813.03
رقم المادة ع م
100 1# - المدخل الرئيسى - إسم شخصى
الإسم الشخصى عبدالغفار مكاوى
245 10 - بيان العنوان
العنوان محاكمة جلجاميش فى عشر لوحات درامية /
بيان المسئوليه,etc عبدالغفار مكاوى
490 ## - بيان السلسلة
عنوان السلسلة كتاب الهلال
رقم المجلد/ التعيين التسلسلي 0
Holdings
حالة التراجع حالة الفقد حالة تلف ليس للاعارة المكان المؤقت الموقع الحالى تاريخ الاكتساب اجمالي اﻻعارات رقم الطلب الباركود تاريخ اخر مشاهدة تاريخ تفعيل السعر نوع وعاء كوها
        مكتبة القاهرة الكبرى مكتبة القاهرة الكبرى 03/26/2014   813.03\ع م 114803 03/26/2014 03/26/2014 كتاب

Powered By

EGPV